| 000 | 01373cam a2200229 4500 | ||
|---|---|---|---|
| 001 | 8152 | ||
| 005 | 20181127185229.0 | ||
| 008 | 120228s2013 nyua 001 0 eng | ||
| 010 | _a 2012003894 | ||
| 020 | _a0073403628 (hard copy : alk. paper) | ||
| 020 | _a9780073403625 (hard copy : alk. paper) | ||
| 082 | 0 | 0 |
_a612 _223 |
| 100 | 1 | _aFox, Stuart Ira. | |
| 245 | 1 | 0 |
_aHuman physiology / _cStuart Ira Fox. |
| 250 | _a13th ed. | ||
| 260 |
_aNew York, NY : _bMcGraw-Hill, _cc2013. |
||
| 300 |
_axx, 752, [57] p. : _bcol. ill. ; _c28 cm. |
||
| 500 | _aIncludes index. | ||
| 506 |
_aCONTENTS: The study of Body function -- Chemical composition of the body -- Cell structure and genetic control -- Enzymes and Energy -- Cell Respiration and metabolism -- Interactions between cells and extracellular environment -- The nervous system:neurons and synapses -- The central nervous system -- The autonomic nervous system -- Sensory Physiology -- Endocrine glands:secretion and action of hormones -- Muscle:mechanisms of contration and neural control -- Blood,heart and circulation -- Cardiac output,blood flow and blood pleasure -- The Immune system -- Respiratory physiology -- Physiology of the kidneys-- The digestive system -- Regulation and metabolism -- Reproduction. _c _d _e |
||
| 650 | 0 |
_aHuman physiology _vTextbooks. |
|
| 999 |
_c7025 _d7025 |
||